• 首页
  • 本馆介绍
  • 公告通知
  • 最新文献
  • 馆藏检索
  • 电子资源
  • 读者导购
  • 参考咨询
  • 我的图书馆
  • 登录
  • 详细信息显示
  • 放入我的书架
  • 预约/预借图书
  • 作者相关作品
  • 分类相关作品
  • 丛书相关作品
  • 出版社相关作品

书目信息

  • 表格格式
  • 工作单格式
  • 卡片格式
题名:
3DSMAX5教程
    
 
作者: 郭红杰赵景亮
分册:  
出版信息: 北京   北京希望电子出版社  2003
页数: 573
开本: 26cm
丛书名:
单 册:
中图分类: J2-39
科图分类:
主题词: 绘画
电子资源:
ISBN: 7-5027-5883-6
000 00527nam0 2200181 450
001 0735257515
005 20070904094737.51
010    @a7-5027-5883-6
100    @a20070904d km y0chiy0120 ea
101 0  @achi
200 1  @a3DSMAX5教程@A3DSMAX5 jiao cheng@f郭红杰赵景亮@Fguo hong jie zhao jing liang
210    @a北京@c北京希望电子出版社@d2003
215    @a573@c55@d26cm
606 0  @a绘画
690    @aJ2-39@v3
701  0 @a郭红杰赵景亮@Aguo hong jie zhao jing liang
801  0 @aCN@bPFT@c20070904
905    @a213230@dJ2-39@ea1@f1
    
    3DSMAX5教程/郭红杰赵景亮.-北京:北京希望电子出版社,2003
    573:55;26cm
    
    
    ISBN 7-5027-5883-6:
    
●
相关链接 在E读中查询图书 在五车中查询图书 在当当中查询图书 在豆瓣中查询图书


正题名:3DSMAX5教程     索取号:J2-39/a1         预约/预借

序号 登录号 条形码 馆藏地/架位号 状态 备注
1 7504090   275040901   密集书库-史法系/ [索取号:J2-39/a1] 在馆    
唐山师范学院图书馆 欢迎您!
大连网信软件有限公司© 版权所有